00786nam a2200205 4500001000700000003000900007005001700016007000300033008004100036245012300077260003300200300002100233500006500254700003200319700002500351700003100376852003200407999001900439952012200458122820ES-MaACL20230906192040.0t|070214s1961 mx r ||||0| spa d00aProezas del pensamiento / ccompilado por Richard Thruelsen y John Kobler ; versión española de José Meza Nieto. aMéxico : bNovaro, c1961. a699 p ; c17 cm. aOriginalmente publicado en la revista Saturday Evening Post.1 aThruelsen, Richard.91101721 aKobler, John.9683911 aMeza Nieto, José.980826 aES-MaACLjC-28937 bR.58305 c122820d122820 00104070aATENEOMbATENEOMcDEPO2d2008-01-17eSCl0oC-28937p1127977r2023-02-23 00:00:00w2023-02-23yMONOGRAFIA